¿Lobo está? /

Un juego que se convierte en canción, una canción que se transforma en cuento y la magia del bosque que esconde al Lobo. ¿Lobo está? Si te animás, jugamos en el bosque...

Guardado en:
Autor Principal: Romero, Jaquelina.
Otros Autores: Aguerrebehere, Laura; il.
Formato: Libro
Idioma:Undetermined
Publicado: Buenos Aires : Del Naranjo, 2013.
Series:Luna de Azafrán
Materias:
Etiquetas: Agregar Etiqueta
Sin Etiquetas, Sea el primero en etiquetar este registro!
LEADER 00818nam a22002055a 4500
001 CEM.cems024557
008 250421s2013####ag############000#0#und#d
005 20250421183857.0
245 1 0 |a ¿Lobo está? /  |c Jaquelina Romero ; ilustrado por Laura Aguerrebehere. 
260 |a Buenos Aires :  |b Del Naranjo,  |c 2013. 
300 |a 32 p. 
490 1 |a Luna de Azafrán 
520 |a Un juego que se convierte en canción, una canción que se transforma en cuento y la magia del bosque que esconde al Lobo. ¿Lobo está? Si te animás, jugamos en el bosque... 
020 |a 9789871343591 
100 1 |a Romero, Jaquelina. 
700 1 |a Aguerrebehere, Laura; il. 
653 |a Literatura infantil 
653 |a Literatura argentina 
653 |a Cuento infantil 
859 |a CEMS  |b BIB. CEMS - Inicial y Primaria  |h A863.4  |i R664-1  |k IP  |p 3850  |t Ej.1